Burn all night : (Record no. 1917)

MARC details
000 -LEADER
fixed length control field 00402nam a2200157 4500
001 - CONTROL NUMBER
control field 2394
005 - DATE AND TIME OF LATEST TRANSACTION
control field 20181127165052.0
020 00 - INTERNATIONAL STANDARD BOOK NUMBER
International Standard Book Number 1889029025
090 00 - LOCALLY ASSIGNED LC-TYPE CALL NUMBER (OCLC); LOCAL CALL NUMBER (RLIN)
Classification number (OCLC) (R) ; Classification number, CALL (RLIN) (NR) 811.54 E463b 1998
100 00 - MAIN ENTRY--PERSONAL NAME
Personal name Elliott, Elizabeth.
245 00 - TITLE STATEMENT
Title Burn all night :
Remainder of title New and selected poems /
Statement of responsibility, etc. Elizabeth Elliott.
Medium
250 00 - EDITION STATEMENT
Edition statement
260 00 - PUBLICATION, DISTRIBUTION, ETC.
Place of publication, distribution, etc. New York :
Name of publisher, distributor, etc. Golden Hill Press,
Date of publication, distribution, etc. 1997.
300 00 - PHYSICAL DESCRIPTION
Extent viii, 85 p.
650 00 - SUBJECT ADDED ENTRY--TOPICAL TERM
Topical term or geographic name entry element Poetry.
General subdivision
Holdings
Withdrawn status Lost status Source of classification or shelving scheme Damaged status Not for loan Collection code Home library Current library Shelving location Date acquired Serial Enumeration / chronology Inventory number Total Checkouts Full call number Barcode Date last seen Date last checked out Price effective from Koha item type
    Dewey Decimal Classification     Main TEST RTC Library RTC Library Main opac 21/05/2025 552 1 811.54 ELL 30001288 30/05/2025 21/05/2025 27/11/2018 Main
Royal Thimphu College || All Right Reserved